Districts of Cornwall Quiz Stats

Quiz not verified by Sporcle

Challenge
Share
Tweet
Photobucket
Score 0/7 Timer 03:00
0 Plays Today
Districts % Correct
North Cornwall
68.8%
Penwith
64.3%
Kerrier
62%
Restormel
56.6%
Carrick
56.1%
Caradon
48.9%
Isles of Scilly
37.5%

You're not logged in!

Compare scores with friends on all Sporcle quizzes.
Sign Up with Email
OR
Log In

You Might Also Like...

Show Comments

Extras

Top Quizzes Today


Score Distribution

Your Account Isn't Verified!

In order to create a playlist on Sporcle, you need to verify the email address you used during registration. Go to your Sporcle Settings to finish the process.

Report this User

Report this user for behavior that violates our Community Guidelines.

Details: